Spektrální ladění hřídelových soustav s ozubenými koly

Bibliographic Details
Main Authors: Zeman, Vladimír (Author), Němeček, Josef (Author)
Format: Article
Language:Czech
PhysicalDescription:Graf 1, sch. 5, tab. 3, res. angl., lit. 6 zázn. v angl., češ., nem.
ISSN:0039-2472
Subjects:

MARC

LEADER 00000nab a2200000 a 4500
001 vtls000497679
003 SK-MaSNL
005 20260305022602.0
008 230223c1993 xo 0 cze
015 |a SNBRB19rr/mm-uuuuu 
035 |a CL0497817 
035 |a urn:nbn:sk:snk-abbnt9 
035 |a (urnnbn)urn:nbn:sk:snk:ar-a09u15 
035 |a (uuid)52ca221d-dc74-400c-a234-2ca74168def8 
040 |a SNKBUCL  |b slo  |c SNKBUCL  |e AACR2 
041 0 |a cze 
044 |a xo  |c SK 
080 |a 621.824:621.833:534.83:519.863  |2 1981 
080 |a 621.833  |2 1981 
080 |a 534.83  |2 1981 
080 |a 519.863  |2 1981 
100 1 |a Zeman, Vladimír  |4 aut  |9 288367 
245 1 0 |a Spektrální ladění hřídelových soustav s ozubenými koly  |c Vladimír Zeman, Josef Němeček 
300 |b Graf 1, sch. 5, tab. 3, res. angl., lit. 6 zázn. v angl., češ., nem. 
650 0 7 |a sústavy hriadeľové  |2 snkbucl  |9 1564396 
650 0 7 |a ozubené kolesá  |2 snkbucl  |9 50961 
650 0 7 |a kmitanie mechanické  |2 snkbucl  |9 877141 
650 0 7 |a spektrálne ladenie  |2 snkbucl  |9 1600207 
655 7 |a články z novín a časopisov  |2 snkbucl  |9 267496 
700 1 |a Němeček, Josef  |4 aut  |9 349657 
773 0 |t Strojnícky časopis  |g Roč. 44, č. 1 (1993), s. 30-44  |x 0039-2472 
850 |a Slovenská národná knižnica v Martine  |a MTA001 
852 |a SNK  |b KIS3GCP 
958 |a NB 
958 |a RK 
958 |a CZ 
958 |a OND 
958 |a EUIPO 
958 |a article15 
992 |a RBX 
999 |c 3291621  |d 3293551